| 000 | 00578cam a2200145 4500500 | ||
|---|---|---|---|
| 005 | 20251228082926.0 | ||
| 041 | _afre | ||
| 042 | _adc | ||
| 100 | 1 | 0 |
_aVerjans, Thomas _eauthor |
| 245 | 0 | 0 | _aBossuet, textes rassemblés par Stéphane Macé, Dijon, L’Échelle de Jacob, « La Toison d’Or », 2004, 1 vol. de 122 p., 15,2 × 22 cm. |
| 260 | _c2008. | ||
| 500 | _a95 | ||
| 786 | 0 | _nDix-septième siècle | 238 | 1 | 2008-02-28 | p. 165c-181c | 0012-4273 | |
| 856 | 4 | 1 | _uhttps://shs.cairn.info/revue-dix-septieme-siecle-2008-1-page-165c?lang=fr&redirect-ssocas=7080 |
| 999 |
_c1600155 _d1600156 |
||